[Event "30th 4NCL Congress"]
[Site "Daventry"]
[Date "2023.06.17"]
[Round "3"]
[Board "21"]
[White "Clarke, James"]
[Black "McKenna, Joshua"]
[Result "1-0"]
[WhiteElo "2071"]
[BlackElo "1642"]
[PlyCount "69"]
[EventDate "2023.06.16"]
[EventRounds "5"]
[EventCountry "ENG"]

1. e4 c6 2. d4 d5 3. e5 c5 4. Nf3 Bg4 5. dxc5 e6 6. b4 Nc6 7. Bb5 Nge7 8. Nbd2 a6
9. Ba4 b5 10. cxb6 Qxb6 11. c3 Ng6 12. h3 Bxf3 13. Nxf3 Be7 14. O-O O-O 15. Re1 Qc7
16. Qe2 d4 17. cxd4 Nxb4 18. Bd2 Nd5 19. Rec1 Qa7 20. Bc6 Rad8 21. Rab1 Rb8 22. Bxd5
exd5 23. a4 Nh4 24. Nxh4 Bxh4 25. Qg4 Rxb1 26. Rxb1 Qe7 27. g3 Bxg3 28. Qxg3 f6 29.
e6 Qxe6 30. Rb7 Rf7 31. Qb8+ Rf8 32. Qc7 Rf7 33. Qxf7+ Qxf7 34. Rxf7 Kxf7 35. Ba5
 1-0

[Event "30th 4NCL Congress"]
[Site "Daventry"]
[Date "2023.06.17"]
[Round "3"]
[Board "22"]
[White "Yzeiraj, Diamant"]
[Black "Alldritt, Nigel RE"]
[Result "0-1"]
[WhiteElo "1686"]
[BlackElo "2069"]
[PlyCount "80"]
[EventDate "2023.06.16"]
[EventRounds "5"]
[EventCountry "ENG"]

1. e4 e6 2. d4 d5 3. Nc3 Bb4 4. e5 c5 5. a3 Bxc3+ 6. bxc3 Ne7 7. Qg4 O-O 8. Bd3 f5
9. exf6 Rxf6 10. Bg5 Rf7 11. Qh5 g6 12. Qd1 Qa5 13. Nf3 Rxf3 14. gxf3 Qxc3+ 15. Kf1
c4 16. Be2 Nf5 17. Ra2 Qxd4 18. Qxd4 Nxd4 19. c3 Nf5 20. Bd1 Nc6 21. h4 h5 22. Re2
Kf7 23. Bc2 Bd7 24. Kg2 e5 25. Rhe1 Re8 26. Rb1 b6 27. Rbe1 b5 28. Rb1 a6 29. Rbe1
a5 30. f4 e4 31. f3 exf3+ 32. Kxf3 Rxe2 33. Rxe2 d4 34. Bxf5 Bxf5 35. cxd4 Nxd4+
36. Kf2 Nc6 37. Rb2 b4 38. axb4 axb4 39. Bd8 c3 40. Rxb4 Nxb4  0-1

[Event "30th 4NCL Congress"]
[Site "Daventry"]
[Date "2023.06.17"]
[Round "3"]
[Board "23"]
[White "Wastney, Dylan"]
[Black "Shearsby, Jude"]
[Result "0-1"]
[WhiteElo "1881"]
[BlackElo "2233"]
[PlyCount "90"]
[EventDate "2023.06.16"]
[EventRounds "5"]
[EventCountry "ENG"]

1. e4 c5 2. Nc3 d6 3. f4 g6 4. Nf3 Bg7 5. Bb5+ Bd7 6. Bxd7+ Qxd7 7. O-O Nc6 8. d3
e6 9. Be3 Nge7 10. d4 cxd4 11. Nxd4 O-O 12. Qd2 d5 13. exd5 Nxd5 14. Nxc6 bxc6 15.
Rad1 Rab8 16. b3 Rfd8 17. Nxd5 Qxd5 18. Qe2 Qe4 19. Qf2 a6 20. h3 Rd5 21. Rxd5 cxd5
22. Bc5 Bc3 23. Rd1 Rc8 24. Rd3 Be1 25. Qe3 Qxe3+ 26. Rxe3 Rxc5 27. Rxe1 Rxc2 28.
a4 Rb2 29. Re3 Kf8 30. Kh2 Ke7 31. Kg3 Kd6 32. Kf3 Kc5 33. Rc3+ Kd6 34. g4 d4 35.
Rd3 Kd5 36. f5 e5 37. Rd1 Rxb3+ 38. Kg2 gxf5 39. gxf5 e4 40. h4 Rb2+ 41. Kg3 e3 42.
Re1 Ke4 43. a5 d3 44. f6 d2 45. Rd1 e2  0-1

[Event "30th 4NCL Congress"]
[Site "Daventry"]
[Date "2023.06.17"]
[Round "3"]
[Board "24"]
[White "Gordon, Sean"]
[Black "Mason, Donald J"]
[Result "1/2-1/2"]
[WhiteElo "1998"]
[BlackElo "2142"]
[PlyCount "92"]
[EventDate "2023.06.16"]
[EventRounds "5"]
[EventCountry "ENG"]

1. Nf3 Nf6 2. g3 g6 3. b3 Bg7 4. Bb2 O-O 5. Bg2 d6 6. d4 e5 7. dxe5 Ng4 8. O-O Nc6
9. Qd2 Ngxe5 10. Nxe5 Nxe5 11. c4 a5 12. Nc3 a4 13. Nb5 Qe7 14. f4 Ng4 15. Bxg7 Kxg7
16. e4 f6 17. Rae1 Be6 18. Nd4 Bd7 19. Bh3 h5 20. Bg2 axb3 21. axb3 Ra7 22. h3 Nh6
23. Ra1 Rfa8 24. Qb2 Rxa1 25. Rxa1 Rxa1+ 26. Qxa1 c5 27. Ne2 Bc6 28. Nc3 Nf7 29.
Kf2 Kh7 30. Qa5 h4 31. Nd5 hxg3+ 32. Kxg3 Bxd5 33. cxd5 g5 34. Qd2 b5 35. Bf1 gxf4+
36. Qxf4 Ng5 37. Bxb5 Qxe4 38. Qxe4+ Nxe4+ 39. Kf4 Nd2 40. Bd3+ Kg7 41. Bc2 Nf1 42.
h4 Kh6 43. Bd1 Kg6 44. Be2 Nd2 45. Bd1 Nf1 46. Be2 Nd2  1/2-1/2

[Event "30th 4NCL Congress"]
[Site "Daventry"]
[Date "2023.06.17"]
[Round "3"]
[Board "26"]
[White "Pereslavtsev, Alexandr"]
[Black "Ackley, Peter JE"]
[Result "0-1"]
[WhiteElo "1856"]
[BlackElo "2065"]
[PlyCount "86"]
[EventDate "2023.06.16"]
[EventRounds "5"]
[EventCountry "ENG"]

1. d4 d6 2. Nf3 g6 3. c4 f5 4. Nc3 Nf6 5. Bg5 Nbd7 6. g3 Bg7 7. Bg2 h6 8. Bd2 e6
9. d5 e5 10. Nh4 Nf8 11. Qc2 Qd7 12. e4 fxe4 13. Nxe4 g5 14. Nxf6+ Bxf6 15. Ng6 Nxg6
16. Qxg6+ Qf7 17. Qd3 Be7 18. O-O-O Bf5 19. Be4 Rf8 20. g4 Bxe4 21. Qxe4 O-O-O 22.
Be3 Qf3 23. Qh7 Qf6 24. Qc2 e4 25. Qa4 a6 26. Kb1 Qe5 27. Rc1 Bf6 28. Rc3 Qe8 29.
Qb4 Bxc3 30. bxc3 Rxf2 31. Bxf2 e3 32. Ka1 exf2 33. Rb1 b6 34. Qa3 a5 35. Qc1 Qe5
36. Qc2 Rf8 37. Rf1 Qe1+ 38. Qb1 Qxc3+ 39. Qb2 Qxc4 40. Qb1 Qc3+ 41. Qb2 Qxb2+ 42.
Kxb2 b5 43. Kc3 Kb7  0-1

[Event "30th 4NCL Congress"]
[Site "Daventry"]
[Date "2023.06.17"]
[Round "3"]
[Board "27"]
[White "Hertog, Alexander"]
[Black "Patel, Zain"]
[Result "1-0"]
[WhiteElo "1800"]
[BlackElo "2040"]
[PlyCount "51"]
[EventDate "2023.06.16"]
[EventRounds "5"]
[EventCountry "ENG"]

1. d4 d5 2. c4 dxc4 3. e3 e5 4. Bxc4 exd4 5. exd4 Nf6 6. Nf3 Bd6 7. O-O O-O 8. Nc3
h6 9. h3 Bf5 10. Qb3 Qc8 11. Ne5 Bxe5 12. dxe5 Nfd7 13. e6 Nc5 14. Qb5 b6 15. Nd5
c6 16. Ne7+ Kh8 17. Qb4 Qc7 18. Nxf5 fxe6 19. Ng3 a5 20. Qc3 b5 21. Be2 Nba6 22.
b3 b4 23. Qb2 a4 24. Be3 Qe7 25. Rac1 axb3 26. axb3  1-0

[Event "30th 4NCL Congress"]
[Site "Daventry"]
[Date "2023.06.17"]
[Round "3"]
[Board "28"]
[White "Banerjee, Supratit"]
[Black "Pang, Ethan"]
[Result "1/2-1/2"]
[WhiteElo "2035"]
[BlackElo "1769"]
[PlyCount "34"]
[EventDate "2023.06.16"]
[EventRounds "5"]
[EventCountry "ENG"]

1. e4 c5 2. c3 d5 3. exd5 Qxd5 4. d4 Nc6 5. Nf3 Bf5 6. Be3 Nf6 7. Na3 e6 8. Bc4 Qe4
9. O-O cxd4 10. Ng5 Qh4 11. Nf3 Qe4 12. Bxd4 Bxa3 13. bxa3 Nxd4 14. Nxd4 O-O 15.
Re1 Qf4 16. g3 Qc7 17. Bd3 Qxc3  1/2-1/2

[Event "30th 4NCL Congress"]
[Site "Daventry"]
[Date "2023.06.17"]
[Round "3"]
[Board "29"]
[White "Hariharan, Shambavi"]
[Black "Rida, Ruqayyah"]
[Result "1/2-1/2"]
[WhiteElo "1808"]
[BlackElo "2078"]
[PlyCount "131"]
[EventDate "2023.06.16"]
[EventRounds "5"]
[EventCountry "ENG"]

1. d4 Nf6 2. c4 g6 3. Nf3 Bg7 4. g3 d6 5. Bg2 c5 6. Nc3 O-O 7. O-O Nc6 8. d5 Nb8
9. Re1 e6 10. e4 Bd7 11. Qd3 Qc8 12. Bg5 e5 13. Bxf6 Bxf6 14. a3 Qe8 15. b4 cxb4
16. axb4 Na6 17. Rab1 b5 18. Nd2 Rb8 19. cxb5 Nc7 20. b6 Rxb6 21. Nc4 Ra6 22. Ra1
Rxa1 23. Rxa1 Nb5 24. Nxb5 Bxb5 25. Qb3 Qb8 26. Bf1 Bg7 27. Na5 Bxf1 28. Nc6 Qb7
29. Rxf1 f5 30. Ra1 fxe4 31. Qe3 Qb6 32. Qxb6 axb6 33. Re1 Ra8 34. Rxe4 Ra1+ 35.
Kg2 Kf7 36. f4 exf4 37. Rxf4+ Kg8 38. Ne7+ Kh8 39. Rc4 Be5 40. Nc8 b5 41. Rc6 Rd1
42. Nxd6 Rxd5 43. Nf7+ Kg7 44. Nxe5 Rxe5 45. Rb6 Kf7 46. Rb7+ Kf6 47. Rxh7 Re2+ 48.
Kf3 Rb2 49. Rh4 Rb3+ 50. Kg2 Rc3 51. Rf4+ Ke5 52. Rg4 Kd5 53. Rxg6 Rc4 54. Rg5+ Kc6
55. Rg6+ Kd7 56. h4 Rxb4 57. h5 Rb2+ 58. Kh3 Rb1 59. h6 b4 60. Rg7+ Kc6 61. h7 b3
62. Kg2 Rb2+ 63. Kh3 Rb1 64. Kg2 Rb2+ 65. Kh3 Rb1 66. Kg2  1/2-1/2

[Event "30th 4NCL Congress"]
[Site "Daventry"]
[Date "2023.06.17"]
[Round "3"]
[Board "30"]
[White "Kothari, Jai"]
[Black "De Coverly, Roger D"]
[Result "1-0"]
[WhiteElo "1980"]
[BlackElo "2034"]
[PlyCount "89"]
[EventDate "2023.06.16"]
[EventRounds "5"]
[EventCountry "ENG"]

1. e4 c5 2. Nf3 e6 3. Nc3 a6 4. a4 Nc6 5. Be2 d6 6. O-O Nf6 7. d4 cxd4 8. Nxd4 Be7
9. Kh1 O-O 10. f4 Qc7 11. Be3 Bd7 12. Qe1 Nxd4 13. Bxd4 Rfe8 14. Qg3 g6 15. e5 Nd5
16. Nxd5 exd5 17. f5 dxe5 18. fxg6 hxg6 19. Bh5 Bh4 20. Qxh4 exd4 21. Qf6 Be6 22.
Qg5 Qe7 23. Rf6 Bf5 24. Rxf5 Qxg5 25. Rxg5 Rac8 26. Bf3 Rxc2 27. Rxd5 Rxb2 28. Rxd4
b5 29. axb5 axb5 30. h3 b4 31. Rd7 Rb8 32. Raa7 Rf8 33. Bd5 Rf2 34. Rab7 Rf4 35.
Kh2 Kg7 36. Kg3 g5 37. Rb5 Rc8 38. Bf3 Kg6 39. Rd6+ f6 40. Rdb6 Rcc4 41. Rd5 Rcd4
42. Rxd4 Rxd4 43. Kf2 Kf5 44. Ke3 Rh4 45. Bg4+  1-0

[Event "30th 4NCL Congress"]
[Site "Daventry"]
[Date "2023.06.17"]
[Round "3"]
[Board "31"]
[White "Hatchett, Paul D"]
[Black "Obi, Okwose Marc"]
[Result "0-1"]
[WhiteElo "2011"]
[BlackElo "1964"]
[PlyCount "82"]
[EventDate "2023.06.16"]
[EventRounds "5"]
[EventCountry "ENG"]

1. e4 d6 2. d4 Nf6 3. Nc3 c6 4. g3 Qa5 5. Bg2 e5 6. Nge2 Be7 7. O-O b5 8. h3 O-O
9. f4 b4 10. Nb1 Nbd7 11. Kh2 Ba6 12. Nd2 Rad8 13. Nb3 Qc7 14. a3 bxa3 15. Rxa3 Bxe2
16. Qxe2 Rfe8 17. Qa6 Ra8 18. Ra1 Bf8 19. Re1 h5 20. dxe5 dxe5 21. f5 Red8 22. Be3
c5 23. Na5 Nb6 24. b3 Rd7 25. Qb5 Rb8 26. Qe2 Rbd8 27. Bg5 Be7 28. Bxf6 Bxf6 29.
Qxh5 Rd2 30. Re2 c4 31. b4 c3 32. b5 Rxe2 33. Qxe2 Rd2 34. Qe3 Rxc2 35. Nc6 Qd6 36.
Rc1 Qd2 37. Qxd2 cxd2 38. Rd1 Nc4 39. Nxa7 Ne3 40. Bf3 Nxd1 41. Bxd1 Rc1  0-1

[Event "30th 4NCL Congress"]
[Site "Daventry"]
[Date "2023.06.17"]
[Round "3"]
[Board "32"]
[White "Sheikh, Anum"]
[Black "Moyse, Nigel J"]
[Result "1-0"]
[WhiteElo "1954"]
[BlackElo "1991"]
[PlyCount "93"]
[EventDate "2023.06.16"]
[EventRounds "5"]
[EventCountry "ENG"]

1. e4 d6 2. d4 Nf6 3. Nc3 g6 4. f4 Bg7 5. Nf3 c5 6. e5 dxe5 7. fxe5 Nd5 8. Bb5+ Nc6
9. Nxd5 Qxd5 10. c3 cxd4 11. Bxc6+ bxc6 12. cxd4 Ba6 13. Kf2 O-O 14. Re1 Rab8 15.
b3 Bc8 16. Ba3 Re8 17. h3 Bd7 18. Qd2 h6 19. Rac1 Rb5 20. Rc5 Rxc5 21. Bxc5 a6 22.
Qa5 Bc8 23. Nd2 f6 24. Nc4 fxe5 25. Nxe5 Bf5 26. Qxa6 Be4 27. Qc4 Bxg2 28. Qxd5+
Bxd5 29. Nxg6 Kf7 30. Nf4 Bf6 31. Re3 Bh4+ 32. Kf1 e6 33. Nxd5 cxd5 34. a4 Ra8 35.
Re2 Bf6 36. Ra2 e5 37. dxe5 Bxe5 38. b4 d4 39. a5 Ke6 40. Rf2 Kd5 41. Rf8 Ra6 42.
Bb6 Kc4 43. b5 Kxb5 44. Rf5 Kc4 45. Rxe5 Ra8 46. Ke2 Rg8 47. Rc5+  1-0

[Event "30th 4NCL Congress"]
[Site "Daventry"]
[Date "2023.06.18"]
[Round "4"]
[Board "1"]
[White "Valdepenas Octavio, Javier"]
[Black "Finn, Peter"]
[Result "1/2-1/2"]
[WhiteElo "2218"]
[BlackElo "2310"]
[PlyCount "69"]
[EventDate "2023.06.16"]
[EventRounds "5"]
[EventCountry "ENG"]

1. e4 c5 2. Nf3 Nc6 3. d4 cxd4 4. Nxd4 Nf6 5. Nc3 e5 6. Ndb5 d6 7. Bg5 a6 8. Na3
b5 9. Bxf6 gxf6 10. Nd5 Bg7 11. g3 f5 12. Bg2 fxe4 13. Bxe4 Be6 14. Qh5 Rc8 15. O-O
Ne7 16. Nxe7 Qxe7 17. Rad1 Rc5 18. b4 Rc3 19. Nb1 Rc7 20. Rd3 Bc4 21. Rfd1 Bxd3 22.
Rxd3 h6 23. h4 d5 24. Rxd5 O-O 25. a3 Rd8 26. Qd1 Rxd5 27. Qxd5 Rd7 28. Qb3 Qd6 29.
Nc3 Qd2 30. Kg2 Kh8 31. Bf5 Rc7 32. Nd5 Rc4 33. Ne3 Rc7 34. Nd5 Rc4 35. Ne3  1/2-1/2

[Event "30th 4NCL Congress"]
[Site "Daventry"]
[Date "2023.06.18"]
[Round "4"]
[Board "2"]
[White "Davies, Nigel R"]
[Black "Boswell, Jacob Connor"]
[Result "1-0"]
[WhiteElo "2424"]
[BlackElo "2272"]
[PlyCount "61"]
[EventDate "2023.06.16"]
[EventRounds "5"]
[EventCountry "ENG"]

1. d4 Nf6 2. Nf3 g6 3. Bg5 Bg7 4. Nbd2 d5 5. e3 c5 6. c3 cxd4 7. exd4 O-O 8. Bd3
Nc6 9. O-O Qc7 10. Re1 a6 11. Nb3 Bf5 12. Bxf5 gxf5 13. Nc5 Ne4 14. Nd3 Nxg5 15.
Nxg5 h6 16. Nh3 e6 17. Nhf4 Bf6 18. Re3 Bg5 19. Rg3 e5 20. dxe5 Nxe5 21. Nxe5 Qxe5
22. Nd3 Qe4 23. f4 d4 24. c4 Rac8 25. fxg5 f4 26. Rh3 Rxc4 27. Qg4 Rc6 28. Re1 Qd5
29. Rxh6 Rc2 30. g6 f5 31. Qh3  1-0

[Event "30th 4NCL Congress"]
[Site "Daventry"]
[Date "2023.06.18"]
[Round "4"]
[Board "3"]
[White "Fava, Lorenzo"]
[Black "Lawton, Geoff W"]
[Result "1-0"]
[WhiteElo "2203"]
[BlackElo "2369"]
[PlyCount "53"]
[EventDate "2023.06.16"]
[EventRounds "5"]
[EventCountry "ENG"]

1. e4 c6 2. d4 d5 3. exd5 cxd5 4. Bd3 Nc6 5. c3 Nf6 6. Bf4 Bg4 7. Qb3 Qd7 8. Nd2
e6 9. Ngf3 Bxf3 10. Nxf3 Bd6 11. Bxd6 Qxd6 12. O-O O-O 13. Rae1 Qc7 14. Qc2 g6 15.
Qd2 Kg7 16. h4 h5 17. Ng5 Rae8 18. f4 Qd6 19. Bb5 a6 20. Ba4 b5 21. Bc2 b4 22. Re2
bxc3 23. bxc3 Ng4 24. Rfe1 Na5 25. Qd3 Qxf4 26. g3 Qf5 27. Qxa6  1-0

[Event "30th 4NCL Congress"]
[Site "Daventry"]
[Date "2023.06.18"]
[Round "4"]
[Board "4"]
[White "Zakarian, Dimitrios Levon"]
[Black "Baer, Bruce L"]
[Result "0-1"]
[WhiteElo "2127"]
[BlackElo "2119"]
[PlyCount "52"]
[EventDate "2023.06.16"]
[EventRounds "5"]
[EventCountry "ENG"]

1. d4 f5 2. Bg5 h6 3. Bh4 g5 4. Bg3 Nf6 5. e3 d6 6. Bd3 Bg7 7. c3 e6 8. Qc2 Qe7 9.
h4 Rg8 10. Ne2 Bd7 11. Nd2 Nc6 12. f3 O-O-O 13. O-O-O Rdf8 14. Rdf1 Nd5 15. Bf2 gxh4
16. e4 fxe4 17. Nxe4 Bf6 18. Nxf6 Qxf6 19. Bxh4 Qf7 20. Qd2 e5 21. g4 exd4 22. Nxd4
Nxd4 23. cxd4 Nf4 24. b3 Nxd3+ 25. Qxd3 Qd5 26. Be1 Bb5  0-1

[Event "30th 4NCL Congress"]
[Site "Daventry"]
[Date "2023.06.18"]
[Round "4"]
[Board "5"]
[White "Raju, Sooraj Menothuparambil"]
[Black "Merriman, James"]
[Result "0-1"]
[WhiteElo "2209"]
[BlackElo "2164"]
[PlyCount "28"]
[EventDate "2023.06.16"]
[EventRounds "5"]
[EventCountry "ENG"]

1. e4 e6 2. Qe2 Be7 3. Nf3 d5 4. d3 Nf6 5. g3 dxe4 6. dxe4 Nc6 7. e5 Nd7 8. h4 Nc5
9. Be3 b6 10. Bxc5 Bxc5 11. a3 Bb7 12. Bg2 Nd4 13. Qd3 Nxf3+ 14. Bxf3 Qxd3  0-1

[Event "30th 4NCL Congress"]
[Site "Daventry"]
[Date "2023.06.18"]
[Round "4"]
[Board "6"]
[White "Krzyzanowski, Patryk"]
[Black "Hebden, Mark L"]
[Result "0-1"]
[WhiteElo "2092"]
[BlackElo "2516"]
[PlyCount "37"]
[EventDate "2023.06.16"]
[EventRounds "5"]
[EventCountry "ENG"]

1. d4 Nf6 2. c4 g6 3. Nf3 Bg7 4. Nc3 O-O 5. Bf4 c5 6. d5 d6 7. e4 Qb6 8. Qd2 e6 9.
dxe6 Bxe6 10. Ng5 Re8 11. Be2 Nc6 12. Nxe6 Rxe6 13. f3 Nd4 14. O-O a6 15. Rab1 Qa5
16. Bd3 b5 17. b3 Nd7 18. Rfc1 Ne5 19. Bf1  0-1

[Event "30th 4NCL Congress"]
[Site "Daventry"]
[Date "2023.06.18"]
[Round "4"]
[Board "7"]
[White "Cave, Iwan"]
[Black "Merriman, John"]
[Result "0-1"]
[WhiteElo "2142"]
[BlackElo "2356"]
[PlyCount "139"]
[EventDate "2023.06.16"]
[EventRounds "5"]
[EventCountry "ENG"]

1. d4 e6 2. c4 Nf6 3. Nf3 c5 4. d5 exd5 5. cxd5 d6 6. Nc3 g6 7. h3 Bg7 8. e4 O-O
9. Bd3 Na6 10. O-O Nc7 11. Bf4 b5 12. Nxb5 Nxb5 13. Bxb5 Nxe4 14. Rb1 Rb8 15. Bd3
Nf6 16. Bh2 Qc7 17. Nd2 Rd8 18. Qf3 Rb4 19. Nc4 Bb7 20. Ne3 Rd4 21. Bc4 Ne4 22. Qe2
Rd2 23. Qe1 Rd4 24. Qe2 Nd2 25. Nc2 Nxf1 26. Nxd4 Nxh2 27. Nb5 Qb6 28. Kxh2 Be5+
29. Kg1 a6 30. Na3 Re8 31. Qc2 Bc8 32. Bd3 Qc7 33. Qa4 Qe7 34. Nc2 Bd7 35. Qb3 a5
36. Ne1 a4 37. Qc4 Rb8 38. b3 Rb4 39. Qc2 axb3 40. Rxb3 Ba4 41. Nf3 Bxb3 42. axb3
Rb8 43. Qa2 Bf6 44. g3 Kg7 45. Kg2 Qb7 46. Bc4 Ra8 47. Qd2 Ra1 48. h4 h5 49. Qf4
Qe7 50. Bd3 Rd1 51. Bc4 Bd4 52. b4 Qf6 53. Qg5 Qxg5 54. hxg5 Rc1 55. Bd3 cxb4 56.
Nxd4 Rd1 57. Nc6 Rxd3 58. Nxb4 Rd4 59. Nc6 Rxd5 60. f4 Rd3 61. Nb4 Rd1 62. Kf3 f6
63. gxf6+ Kxf6 64. Ke2 Rb1 65. Nd5+ Ke6 66. Nc3 Rb2+ 67. Ke3 Rb3 68. Kd4 Rxc3 69.
Kxc3 Kf5 70. Kd4  0-1

[Event "30th 4NCL Congress"]
[Site "Daventry"]
[Date "2023.06.18"]
[Round "4"]
[Board "8"]
[White "Riis, Soren"]
[Black "Okhai, Shabir"]
[Result "1-0"]
[WhiteElo "2074"]
[BlackElo "2289"]
[PlyCount "80"]
[EventDate "2023.06.16"]
[EventRounds "5"]
[EventCountry "ENG"]

1. d4 Nf6 2. c4 e6 3. Nc3 c5 4. d5 exd5 5. cxd5 d6 6. e4 g6 7. f4 Bg7 8. Bb5+ Nfd7
9. a4 O-O 10. Nf3 Na6 11. O-O Nb4 12. Re1 a6 13. Bf1 Re8 14. Bd2 f5 15. Qb3 Nf6 16.
e5 dxe5 17. fxe5 Ng4 18. Bf4 Bh6 19. Bxh6 Nxh6 20. Bc4 g5 21. h4 gxh4 22. Rad1 Kh8
23. d6 b5 24. axb5 Bb7 25. Bd5 Nxd5 26. Nxd5 Rg8 27. bxa6 Bxa6 28. Nc7 h3 29. Nxa6
Rxg2+ 30. Kf1 Ng4 31. Re2 Rxe2 32. Kxe2 Rxa6 33. Qd5 Qd7 34. e6 Qb5+ 35. Qd3 c4 36.
Qc3+ Kg8 37. e7 Kf7 38. Ng5+ Kg6 39. d7 Kxg5 40. e8=Q Qc5  1-0

[Event "30th 4NCL Congress"]
[Site "Daventry"]
[Date "2023.06.18"]
[Round "4"]
[Board "9"]
[White "Verma, Aditya"]
[Black "Clarke, James"]
[Result "1-0"]
[WhiteElo "2241"]
[BlackElo "2071"]
[PlyCount "65"]
[EventDate "2023.06.16"]
[EventRounds "5"]
[EventCountry "ENG"]

1. e4 c5 2. Nf3 Nc6 3. Bb5 g6 4. O-O Bg7 5. Re1 Nf6 6. Bxc6 dxc6 7. e5 Nd5 8. d3
O-O 9. Nbd2 f6 10. h3 fxe5 11. Nxe5 Qc7 12. Ndf3 Rf5 13. Qe2 b6 14. c4 Nf4 15. Qe4
Ne6 16. Nxc6 Kh8 17. Nxe7 Rxf3 18. Qxa8 Rf8 19. Nxc8 Nd4 20. Qe4 Qxc8 21. Bf4 Nc2
22. Be5 Nxa1 23. Bxg7+ Kxg7 24. Qe5+ Kh6 25. Rxa1 Re8 26. Qf4+ Kg7 27. d4 cxd4 28.
Qxd4+ Kh6 29. Rd1 Re2 30. Qf4+ Kg7 31. Rd6 Re6 32. Qd4+ Kh6 33. Rxe6  1-0

[Event "30th 4NCL Congress"]
[Site "Daventry"]
[Date "2023.06.18"]
[Round "4"]
[Board "10"]
[White "Bartram, Dominic"]
[Black "Southcott-Moyers, Indy"]
[Result "1/2-1/2"]
[WhiteElo "2072"]
[BlackElo "2237"]
[PlyCount "108"]
[EventDate "2023.06.16"]
[EventRounds "5"]
[EventCountry "ENG"]

1. c4 e5 2. Nc3 Nf6 3. Nf3 Nc6 4. e4 Bb4 5. d3 d6 6. a3 Bc5 7. b4 Bb6 8. Na4 Bg4
9. Nxb6 axb6 10. Bb2 Nd7 11. h3 Bxf3 12. Qxf3 Nf8 13. b5 Nd4 14. Bxd4 exd4 15. Be2
Ne6 16. O-O Qg5 17. Ra2 O-O 18. Qg4 Qxg4 19. hxg4 Nc5 20. Rfa1 Na4 21. f4 Nc3 22.
Rd2 Ra5 23. Bf3 Rfa8 24. e5 dxe5 25. fxe5 Rxa3 26. Rxa3 Rxa3 27. Bxb7 Ra1+ 28. Kf2
Kf8 29. Kg3 Re1 30. Kf4 Ke7 31. g5 Rf1+ 32. Bf3 Ke6 33. Rb2 Na4 34. Ra2 Nc5 35. Rd2
h6 36. gxh6 gxh6 37. g4 f6 38. exf6 Kxf6 39. Kg3 Kg5 40. Rh2 Rg1+ 41. Kf2 Rc1 42.
Rh5+ Kg6 43. Rd5 Nxd3+ 44. Kg3 Nb2 45. Rxd4 Nxc4 46. Rd7 Nd6 47. Bc6 Rc3+ 48. Kh4
Kf6 49. Rh7 Rc5 50. Rxh6+ Kg7 51. Rh5 Kg6 52. Bd7 Rxh5+ 53. gxh5+ Kg7 54. Kg5 Nxb5
 1/2-1/2

[Event "30th 4NCL Congress"]
[Site "Daventry"]
[Date "2023.06.18"]
[Round "4"]
[Board "11"]
[White "Alldritt, Nigel RE"]
[Black "Dignam, Matthew P"]
[Result "0-1"]
[WhiteElo "2069"]
[BlackElo "2204"]
[PlyCount "88"]
[EventDate "2023.06.16"]
[EventRounds "5"]
[EventCountry "ENG"]

1. d4 Nf6 2. c4 g6 3. g3 Bg7 4. Bg2 O-O 5. Nc3 d6 6. Nf3 c5 7. d5 e6 8. O-O exd5
9. cxd5 Bg4 10. h3 Bxf3 11. Bxf3 b5 12. Qc2 b4 13. Nb1 Nbd7 14. Bf4 Nb6 15. e4 Ne8
16. Nd2 Nc7 17. Rad1 Nb5 18. Be3 Qf6 19. Rb1 Nd4 20. Bxd4 Qxd4 21. b3 Qc3 22. Rbc1
Bh6 23. Qxc3 bxc3 24. Nb1 Bxc1 25. Rxc1 a5 26. Nxc3 a4 27. Nb5 axb3 28. axb3 Rfd8
29. e5 dxe5 30. Rxc5 Rac8 31. b4 Rxc5 32. bxc5 Nxd5 33. c6 Ne7 34. c7 Rd3 35. Kg2
Rd2 36. Na3 Ra2 37. Nc4 Ra7 38. Nxe5 Rxc7 39. Nd3 Kg7 40. Nf4 Rc2 41. Be4 Rd2 42.
h4 h5 43. Nh3 Nc8 44. Nf4 Nd6  0-1

[Event "30th 4NCL Congress"]
[Site "Daventry"]
[Date "2023.06.18"]
[Round "4"]
[Board "12"]
[White "Larchikov, Maksym"]
[Black "Chan, Sheng Liang Bernard"]
[Result "1/2-1/2"]
[WhiteElo "2065"]
[BlackElo "2197"]
[PlyCount "55"]
[EventDate "2023.06.16"]
[EventRounds "5"]
[EventCountry "ENG"]

1. d4 d5 2. c4 c6 3. Nf3 e6 4. e3 Nf6 5. Nc3 Nbd7 6. Qc2 Bd6 7. b3 O-O 8. Bb2 Qe7
9. Bd3 Re8 10. h3 dxc4 11. Bxc4 b5 12. Bd3 Bb7 13. Ne4 Nxe4 14. Bxe4 f5 15. Bd3 a6
16. a4 b4 17. O-O c5 18. e4 Rad8 19. Qe2 cxd4 20. Nxd4 Nc5 21. Bc4 Bxe4 22. f3 Be5
23. fxe4 Rxd4 24. exf5 Re4 25. Qc2 Kh8 26. fxe6 Bxb2 27. Qxb2 Nxe6 28. Rae1  1/2-1/2

[Event "30th 4NCL Congress"]
[Site "Daventry"]
[Date "2023.06.18"]
[Round "4"]
[Board "13"]
[White "Payne, Matthew J"]
[Black "Mesesan, Mircea-Marius"]
[Result "1-0"]
[WhiteElo "2169"]
[BlackElo "2026"]
[PlyCount "77"]
[EventDate "2023.06.16"]
[EventRounds "5"]
[EventCountry "ENG"]

1. e4 e5 2. Nf3 Nf6 3. d4 exd4 4. e5 Ne4 5. Qxd4 d5 6. exd6 Nxd6 7. Nc3 Nc6 8. Qa4
Bd7 9. Bf4 Ne5 10. Qd4 Nc6 11. Qd2 Qe7+ 12. Be2 Nc4 13. Qc1 Be6 14. O-O Nd6 15. Re1
h6 16. Ne5 Nxe5 17. Bxe5 O-O-O 18. Qe3 Kb8 19. a4 Qg5 20. f4 Nf5 21. Bxc7+ Ka8 22.
Qf2 Qe7 23. Bxd8 Qxd8 24. Nb5 b6 25. Qf3+ Kb8 26. Rad1 Bc5+ 27. Kh1 Qh4 28. Bd3 Bd5
29. Be4 Re8 30. Nc3 Bf2 31. g3 Nxg3+ 32. Kg2 Nxe4 33. Rxd5 Bxe1 34. Nxe4 f6 35. Rh5
Qxh5 36. Qxh5 Rxe4 37. Qf7 Bd2 38. Qg8+ Kb7 39. Qd5+  1-0

[Event "30th 4NCL Congress"]
[Site "Daventry"]
[Date "2023.06.18"]
[Round "4"]
[Board "14"]
[White "Estevez Fernandez, Josue"]
[Black "Jackson, Edward"]
[Result "1-0"]
[WhiteElo "1926"]
[BlackElo "2168"]
[PlyCount "67"]
[EventDate "2023.06.16"]
[EventRounds "5"]
[EventCountry "ENG"]

1. e4 c6 2. d4 d5 3. exd5 cxd5 4. Bd3 Nc6 5. c3 Nf6 6. h3 e5 7. dxe5 Nxe5 8. Qe2
Qe7 9. Bc2 Qe6 10. Nd2 Bd6 11. Ngf3 Nc6 12. Nb3 O-O 13. Be3 Ne4 14. O-O-O Re8 15.
Qd3 Ne7 16. Ng5 Nxg5 17. Bxg5 Ng6 18. Nd4 Qe5 19. Nf3 Qe4 20. Rhe1 Bf4+ 21. Kb1 Bxg5
22. Rxe4 dxe4 23. Qb5 Bd7 24. Qxg5 h6 25. Qg3 exf3 26. Rxd7 Ne5 27. Rd5 fxg2 28.
Qxg2 Nc4 29. a3 Re2 30. Qg4 Re1+ 31. Ka2 Nb6 32. Rh5 Re6 33. Bb3 Rf6 34. Rf5  1-0

[Event "30th 4NCL Congress"]
[Site "Daventry"]
[Date "2023.06.18"]
[Round "4"]
[Board "15"]
[White "Khoury, Theo"]
[Black "Dasgupta, Avyukt"]
[Result "1/2-1/2"]
[WhiteElo "2270"]
[BlackElo "2028"]
[PlyCount "43"]
[EventDate "2023.06.16"]
[EventRounds "5"]
[EventCountry "ENG"]

1. e4 e5 2. Nf3 Nc6 3. d4 exd4 4. Nxd4 Nf6 5. Nxc6 bxc6 6. e5 Qe7 7. Qe2 Nd5 8. h4
d6 9. c4 Nb6 10. exd6 Qxe2+ 11. Bxe2 Bxd6 12. Nc3 Be6 13. b3 O-O-O 14. Bb2 Be5 15.
Rd1 Bf6 16. h5 c5 17. O-O Bd4 18. Bf3 Nd7 19. Nb5 Bxb2 20. Nxa7+ Kb8 21. Nc6+ Kc8
22. Na7+  1/2-1/2